000 01387namaa22003251i 4500
005 20260405131227.0
008 260223s1995 ua a|||frm||| 000 0 eng d
040 _aEG-GICUC
_beng
_cEG-GICUC
_dEG-GICUC
_erda
041 0 _aeng
_beng
_bara
049 _aDeposit
097 _aM.Sc
099 _aCai01.10.15.M.Sc.1995.Ra.S.
100 0 _aRagaa Abdel Sattar Soliman,
_epreparation.
245 1 0 _aSome Pharmacological Studies Of Certain Medicinal Plants /
_cBy Ragaa Abdel Sattar Soliman; Under Supervision Of Dr. Abdalla Metwaly ELbauomy, Dr. Hany Ahmed Zaghloul, Prof. Dr. Ahmed M.R. Soliman.
246 1 5 _aدراسات دوائية لبعض النبانات الطبية
264 0 _c1995.
300 _a103 Leaves :
_billustrations ;
_c30 cm. +
336 _2rda content
_atext
337 _2rdamedia
_aUnmediated
338 _2rdacarrier
_avolume
502 _aThesis (M.Sc.)-Cairo University, 1995.
504 _aBibliography: pages 83-103.
653 0 _aVet. Pharmacology
700 0 _aAbdalla Metwaly ELbauomy
_ethesis advisor.
700 0 _aHany Ahmed Zaghloul
_ethesis advisor.
700 0 _aAhmed M.R. Soliman
_ethesis advisor.
900 _DDepartment of Pharmacology
_FFaculty of Vet. Medicine
_UCairo University
_b1995
_cAbdalla Metwaly ELbauomy
_cHany Ahmed Zaghloul
_cAhmed M.R. Soliman
905 _aEman El gebaly
_eNourhan
942 _2ddc
_cTH
_e21
_n0
999 _c178651